Panic at the Disco - She's a Handsome Woman Lyrics - Statistics

General Stats
  • This quiz has been taken 11 times
  • The average score is 152 of 194
Answer Stats
Answer % Correct
a
100%
and
100%
be
100%
before
100%
camera
100%
film
100%
Film
100%
Go
100%
(go
100%
grab
100%
happens
100%
I
100%
in
100%
it
100%
on
100%
on,
100%
on)
100%
the
100%
The
100%
world
100%
you
100%
your
100%
fetch
89%
for
78%
hat
78%
to
78%
Accidents,
67%
all
67%
cookie
67%
I'm
67%
Innocence
67%
jar
67%
just
67%
is
56%
It's
56%
lovers
56%
absent
44%
born
44%
don't
44%
floor
44%
glow
44%
have
44%
into
44%
me
44%
Reverie
44%
Send
44%
Sheepish
44%
skeleton
44%
things
44%
wasn't
44%
wolves
44%
back
33%
buttons
33%
ceiling
33%
drowned
33%
eating
33%
evening
33%
Jealous
33%
let
33%
put
33%
sunk
33%
teeth
33%
When
33%
While
33%
backbones
22%
Beat
22%
covers
22%
cupboards
22%
door
22%
everything
22%
falling
22%
fibs
22%
Filled
22%
Grazed
22%
lived
22%
Looking
22%
made
22%
off
22%
orchard
22%
poem
22%
room
22%
searching
22%
sky
22%
strange
22%
tucking
22%
useless
22%
Wink,
22%
No matching quizzes found
Score Distribution
Percent of People with Each Score
Percentile by Number Answered
Your Score History
You have not taken this quiz